Panthers Players With 1000 Scrimmage yards - Statistics

General Stats
  • This quiz has been taken 29 times
  • The average score is 28 of 41
Answer Stats
Position (Year) Yards Player % Correct
RB (2019) 2,392 Christian McCaffrey
100%
RB (2018) 1,965 Christian McCaffrey
100%
RB (2017) 1,086 Christian McCaffrey
100%
WR (2005) 1,588 Steve Smith Sr.
89%
WR (2008) 1,461 Steve Smith Sr.
89%
WR (2011) 1,450 Steve Smith Sr.
89%
WR (2006) 1,227 Steve Smith Sr.
89%
WR (2012) 1,201 Steve Smith Sr.
89%
WR (2003) 1,152 Steve Smith Sr.
89%
WR (2007) 1,068 Steve Smith Sr.
89%
WR (2009) 1,004 Steve Smith Sr.
89%
RB (2024) 1,366 Chuba Hubbard
82%
RB (2023) 1,135 Chuba Hubbard
82%
TE (2015) 1,104 Greg Olsen
82%
TE (2016) 1,073 Greg Olsen
82%
TE (2014) 1,008 Greg Olsen
82%
RB (2008) 1,636 DeAngelo Williams
79%
RB (2009) 1,369 DeAngelo Williams
79%
RB (2013) 1,176 DeAngelo Williams
79%
WR (2019) 1,215 DJ Moore
71%
WR (2020) 1,215 DJ Moore
71%
WR (2021) 1,205 DJ Moore
71%
RB (2009) 1,272 Jonathan Stewart
71%
RB (2011) 1,174 Jonathan Stewart
71%
RB (2015) 1,088 Jonathan Stewart
71%
WR (2004) 1,420 Muhsin Muhammad
71%
WR (1999) 1,253 Muhsin Muhammad
71%
WR (2000) 1,195 Muhsin Muhammad
71%
WR (2023) 1,020 Adam Thielen
64%
WR (2014) 1,008 Kelvin Benjamin
57%
WR (2020) 1,111 Robbie Anderson
54%
RB (2020) 1,015 Mike Davis
50%
RB (2003) 1,603 Stephen Davis
50%
WR (2020) 1,051 Curtis Samuel
39%
RB (1996) 1,312 Anthony Johnson
36%
RB (2005) 1,251 DeShaun Foster
25%
RB (2007) 1,058 DeShaun Foster
25%
RB (2006) 1,056 DeShaun Foster
25%
RB (2004) 1,215 Nick Goings
11%
WR (1998) 1,066 Rocket Ismail
7%
WR (1999) 1,098 Patrick Jeffers
4%
No matching quizzes found
Score Distribution
Percent of People with Each Score
Percentile by Number Answered
Your Score History
You have not taken this quiz